00299nam a2200145Ia 45000030006000000080041000060400015000471000018000622450014000802500006000942600018001003000006001185460012001240050017001360STCL150530s9999 xx 000 0 und d aSTCLcSTCL aBracken, H.M. aDescartes a1 c2007aEngland a0 aEnglish20220125170823.0